[Event "Gornozavodsk-ch 8th okrug op"]
[Site "Nizhnij Tagil"]
[Date "2007.07.31"]
[Round "7"]
[White "Dubov, Anatoly"]
[Black "Kozyrev, Valeriy"]
[Result "0-1"]
[WhiteElo "2164"]
[BlackElo "2232"]
[PlyCount "80"]
[EventDate "2007.07.24"]
[EventType "swiss"]
[EventRounds "9"]
[EventCountry "RUS"]
[SourceTitle "EXT 2022"]
[Source "ChessBase"]
[SourceDate "2021.10.06"]
[SourceVersion "1"]
[SourceVersionDate "2021.10.06"]
[SourceQuality "1"]

1. e4 c5 2. c3 b6 3. d4 Bb7 4. d5 Nf6 5. Qf3 d6 6. Bb5+ Nbd7 7. c4 g6 8. Nc3 Bg7 9. Nh3 0-0 10. 0-0 a6 11. Ba4 Bc8 12. Qe2 Ne5 13. Nf4 Bd7 14. Bb3 Rb8 15. a4 Qe8 16. Nd3 Nxd3 17. Qxd3 Ng4 18. Re1 Bd4 19. Re2 f5 20. h3 Nxf2 21. Qc2 Nxe4+ 22. Kh2 Be5+ 23. Kg1 Ng3 24. Re1 f4 25. Qd3 g5 26. Bd1 Bf5 27. Qf3 Qg6 28. Ne2 Ne4 29. Nc3 Nxc3 30. bxc3 Bd3 31. Ra2 Bxc4 32. Rd2 b5 33. Bc2 Qg7 34. Rdd1 Rbe8 35. Bd2 e6 36. dxe6 Bxe6 37. Qc6 g4 38. h4 f3 39. Rf1 Bc4 40. Rf2 Be2 0-1